Sports Quiz

Random Sports or MLB Quiz
Score 0/16 Timer 06:00
0 Plays Today
Year Player % Correct
2005Cliff Lee
96.8%
2007CC Sabathia
96.8%
2008Cliff Lee
96.8%
2007Fausto Carmona
76.9%
1992Charles Nagy
76.2%
1995Charles Nagy
76.2%
1996Charles Nagy
76.2%
1995Jose Mesa
72.2%
Year Player % Correct
1972Gaylord Perry
66.5%
1973Gaylord Perry
66.5%
1974Gaylord Perry
66.5%
1999Bartolo Colon
60.5%
1970Sam McDowell
49.8%
1984Bert Blyleven
43.1%
1982Rick Sutcliffe
36.7%
2005Kevin Millwood
29.5%

You're not logged in!

Compare scores with friends on all Sporcle quizzes.
OR
Log In

Sporcle TV

Today on Sporcle TV


Watch our educational content, quiz creation guides, and fun videos on Sporcle TV.

Show Comments

Extras

Top Quizzes Today


Score Distribution

Paid Content

Your Account Isn't Verified!

In order to create a playlist on Sporcle, you need to verify the email address you used during registration. Go to your Sporcle Settings to finish the process.

Report this User

Report this user for behavior that violates our Community Guidelines.

Details: